| 000 | 01076nam a2200301 i 4500 | ||
|---|---|---|---|
| 001 | 8813 | ||
| 003 | ES-MaACL | ||
| 005 | 20250909230841.0 | ||
| 007 | t| | ||
| 008 | 921001s1988 sp ||||1| spa d | ||
| 020 | _a84-00-06879-3 | ||
| 080 | _a821.134.2(85)-14"19" | ||
| 080 | _a821.134.2(85) Vallejo, César 1.07 | ||
| 100 | 1 |
_aVallejo, César, _d1892-1938 _9112833 |
|
| 245 | 1 | 0 |
_aObra poética / _cCésar Vallejo ; edición crítica, Américo Ferrari, coordinador. |
| 250 | _a1ª ed. | ||
| 260 |
_aMadrid : _bConsejo Superior de Investigaciones Científicas ; _aParís : _bALLCA XXe, _c1988. |
||
| 300 |
_aXXXIII, 753 p. : _b1 retr. ; _c23 cm. |
||
| 490 | 1 |
_aArchivos ; _v4 |
|
| 500 | _aÍndice. | ||
| 504 | _aBibliografía: p. 671-695. | ||
| 600 | 1 | 4 |
_aVallejo, César, _d1892-1938 _xCrítica e interpretación _9112834 |
| 700 | 1 |
_aFerrari, Américo, _d1929- _950303 |
|
| 710 | 2 |
_aConsejo Superior de Investigaciones Científicas (España) _93236 |
|
| 830 | 1 |
_aArchivos ; _v4 _9183847 |
|
| 852 | 4 |
_aES-MaACL _jL-16048 |
|
| 999 |
_c8813 _d8813 |
||